Normal view
MARC view
Entry Personal Name
001 - CONTROL NUMBER
- control field: 50849
003 - CONTROL NUMBER IDENTIFIER
- control field: dpl
005 - DATE AND TIME OF LATEST TRANSACTION
- control field: 20120807160814.0
008 - FIXED-LENGTH DATA ELEMENTS
- fixed length control field: 120807|||a|||||| | ||| d
040 ## - CATALOGING SOURCE
- Original cataloging agency: dpl
- Transcribing agency: dpl
100 ## - HEADING--PERSONAL NAME
- Personal name: सरवटे, वसंत
670 ## - SOURCE DATA FOUND
- Source citation: Work cat.: (dpl)68936: 49115 टाकसाळे, मुकुंद, टाकसाळी कथा , 2012
670 ## - SOURCE DATA FOUND
- Source citation: Work cat.: (dpl)68936: 49115 टाकसाळे, मुकुंद, टाकसाळी कथा , 2012
